000 00558nam a2200205Ia 4500
005 20230814111230.0
008 131103s9999 xx 000 0 und d
040 _aLoreto College
041 _aEnglish
082 _a920
_bRIC-CRO
100 _aCronin,Vincent
245 4 _aThe Wise Man From the West
_cVincent Cronin
260 _aLondon
_bRupert Hart - Davis
_c1955
300 _a300 p.
_b illus.,maps
504 _aIncludes bibliographical references and index
650 _aRicci,Matteo
651 _aBiography
850 _aLCLIB
942 _cBK
999 _c13873
_d64352